000 00623cam a2200217 4500500
005 20260405003805.0
041 _afre
042 _adc
100 1 0 _aLacroix, Alexandre
_eauthor
245 0 0 _aLes trois visages de la mélancolie
260 _c2023.
500 _a98
690 _aDeuil
690 _aDürer
690 _aErwin Panofsky
690 _aIvresse
690 _alucidité
690 _aMélancolie
786 0 _nPhilosophie magazine | 174 | 11 | 2023-11-01 | p. 34-36 | 1951-1787
856 4 1 _uhttps://shs.cairn.info/magazine-philosophie-magazine-2023-11-page-34?lang=fr&redirect-ssocas=7080
999 _c2070848
_d2070848